Climate for industrial relations; (Record no. 89640)

MARC details
000 -LEADER
fixed length control field 00783cam a2200241 4500
001 - CONTROL NUMBER
control field sa 69013835
003 - CONTROL NUMBER IDENTIFIER
control field DLC
005 - DATE AND TIME OF LATEST TRANSACTION
control field 20260227112728.0
008 - FIXED-LENGTH DATA ELEMENTS--GENERAL INFORMATION
fixed length control field 691222s1968 ii b 00110 eng
010 ## - LIBRARY OF CONGRESS CONTROL NUMBER
LC control number sa 69013835 //r90
025 ## - OVERSEAS ACQUISITION NUMBER
Overseas acquisition number PL480:I-E-10837
040 ## - CATALOGING SOURCE
Original cataloging agency DLC
Transcribing agency DLC
Modifying agency DLC
-- OCoLC
050 00 - LIBRARY OF CONGRESS CALL NUMBER
Classification number HD6814.C66K35
082 00 - DEWEY DECIMAL CLASSIFICATION NUMBER
Classification number 331.1/87/72109542
100 10 - MAIN ENTRY--PERSONAL NAME
Personal name Singh, V. B.
245 10 - TITLE STATEMENT
Title Climate for industrial relations;
Remainder of title a study of Kanpur cotton mills
Statement of responsibility, etc. [by] V. B. Singh.
260 0# - PUBLICATION, DISTRIBUTION, ETC.
Place of publication, distribution, etc. Bombay,
-- New York,
Name of publisher, distributor, etc. Allied Publishers
Date of publication, distribution, etc. [1968]
300 ## - PHYSICAL DESCRIPTION
Extent viii, 220 p.
Dimensions 23 cm.
350 ## - PRICE (NR) (BK AM CF MU VM SE) [OBSOLETE]
Price 22.00
504 ## - BIBLIOGRAPHY, ETC. NOTE
Bibliography, etc. note Bibliography: p. [210]-214.
650 #0 - SUBJECT ADDED ENTRY--TOPICAL TERM
Topical term or geographic name entry element Collective bargaining
General subdivision Cotton manufacture
Geographic subdivision India
-- Kānpur.
650 #0 - SUBJECT ADDED ENTRY--TOPICAL TERM
Topical term or geographic name entry element Industrial relations
Geographic subdivision India
-- Kānpur
General subdivision Case studies.

No items available.

Powered by Koha